[Event "9th Norway Armageddon"]
[Site "Stavanger NOR"]
[Date "2021.09.16"]
[Round "9.2"]
[White "Rapport,R"]
[Black "Nepomniachtchi,I"]
[Result "0-1"]
[WhiteTitle "GM"]
[BlackTitle "GM"]
[WhiteElo "2760"]
[BlackElo "2792"]
[WhiteFideId "738590"]
[BlackFideId "4168119"]
[EventDate "2021.09.07"]

1. Nf3 d5 2. d3 g6 3. Nbd2 Bg7 4. e4 Nc6 5. exd5 Qxd5 6. g3 Nf6 7. Bg2 Qe6+ 8.
Kf1 O-O 9. Nc4 Qd7 10. Bd2 Qd8 11. Bc3 Be6 12. Qe2 Re8 13. Re1 Qc8 14. h4 h5 15.
Ng5 Bg4 16. Qd2 Qd7 17. Ne3 Rad8 18. b4 Nd4 19. Bxd4 Qxd4 20. Bxb7 Bh6 21. Nxg4
Nxg4 22. Qf4 Qxf4 23. gxf4 e6 24. Bc6 Rf8 25. b5 Rd4 26. Re4 Rfd8 27. Nf3 Rxe4
28. Bxe4 Bxf4 29. Ke2 Nf6 30. a4 Kf8 31. Ra1 Ke7 32. a5 Kd6 33. Nd4 Nxe4 34.
dxe4 Kc5 35. Nc6 Rd2+ 36. Kf3 Kxb5 37. Nxa7+ Ka6 38. Nc6 Bd6 39. c3 Rd3+ 40. Kg2
Rxc3 41. Nd8 f5 42. e5 Bxe5 43. Re1 Bd4 44. Rxe6+ Kb5 45. a6 Rc2 46. Kf1 Rxf2+
47. Ke1 Ra2 48. Rxg6 Rxa6 49. Rg5 Kc4 0-1

[Event "9th Norway Armageddon"]
[Site "Stavanger NOR"]
[Date "2021.09.17"]
[Round "10.3"]
[White "Karjakin,Sergey"]
[Black "Tari,A"]
[Result "1-0"]
[WhiteTitle "GM"]
[BlackTitle "GM"]
[WhiteElo "2758"]
[BlackElo "2642"]
[WhiteFideId "14109603"]
[BlackFideId "1510045"]
[EventDate "2021.09.07"]

1. b3 d5 2. Bb2 Bf5 3. g3 e6 4. Bg2 Nf6 5. c4 c6 6. Nf3 h6 7. O-O Bh7 8. d3 Be7
9. Nbd2 O-O 10. a3 a5 11. Ra2 Nbd7 12. Qa1 Bd6 13. e4 dxe4 14. dxe4 e5 15. Nxe5
Bxe5 16. Bxe5 Nxe5 17. Qxe5 Re8 18. Qf4 Qd4 19. Re1 Rad8 20. h4 Re7 21. Qe3 Ng4
22. Qxd4 Rxd4 23. f3 Ne5 24. a4 Nd3 25. Re3 Nc5 26. g4 f5 27. gxf5 Bxf5 28. Bf1
Bg6 29. Kf2 Ne6 30. Rd3 Rxd3 31. Bxd3 Nf4 32. Bf1 Bh5 33. c5 Rd7 34. Ke3 g5 35.
hxg5 hxg5 36. Ra1 Kf8 37. Nc4 Ne6 38. Bh3 Ke7 39. Bxe6 Kxe6 40. Rh1 Bg6 41. Rh6
Rg7 42. Nxa5 Kf6 43. Nc4 g4 44. fxg4 Kg5 45. Rh8 Re7 46. Nd6 1-0